[Event "Morava-ch U14"]
[Site "Loucna nad Desnou"]
[Date "2017.10.29"]
[Round "9"]
[White "Volak, Simon"]
[Black "Krejcok, Tobias"]
[Result "1-0"]
[WhiteElo "1708"]
[BlackElo "1649"]
[PlyCount "143"]
[EventDate "2017.10.24"]
[EventType "swiss"]
[EventRounds "9"]
[EventCountry "CZE"]
[SourceTitle "EXT 2020"]
[Source "ChessBase"]
[SourceDate "2019.10.17"]
[SourceVersion "1"]
[SourceVersionDate "2019.10.17"]
[SourceQuality "1"]

1. d4 Nf6 2. c4 g6 3. Nc3 d5 4. cxd5 Nxd5 5. e4 Nxc3 6. bxc3 Bg7 7. Qa4+ Bd7 8. Qc4 b5 9. Qc5 c6 10. Nf3 Na6 11. Qa3 Qb6 12. Be3 0-0 13. Be2 c5 14. dxc5 Qb7 15. 0-0 Nc7 16. Rfd1 Bc6 17. Nd2 a5 18. Rab1 Rfb8 19. Qc1 b4 20. Bd4 e5 21. Be3 f5 22. f3 Rd8 23. cxb4 axb4 24. Qc4+ Kh8 25. Rxb4 Qa7 26. a4 Bf8 27. Nb1 Qa5 28. Rxd8 Rxd8 29. Nc3 Ne6 30. Qxe6 Qxb4 31. Qf6+ Kg8 32. Qxd8 Qxc3 33. Qd2 Qxd2 34. Bxd2 Bxc5+ 35. Kf1 fxe4 36. Bb5 Ba8 37. Ke2 Kf7 38. a5 Ke6 39. Bc4+ Kd7 40. Bg8 h5 41. Bf7 exf3+ 42. gxf3 e4 43. f4 Bc6 44. Bxg6 Bb5+ 45. Ke1 e3 46. Bc3 Bd6 47. Bxh5 Bxf4 48. Bg4+ Kd6 49. h3 Kd5 50. Be2 Bg3+ 51. Kf1 Bd7 52. Kg2 Bb8 53. h4 Ke4 54. h5 Kf5 55. Kf3 Ba7 56. Kg2 Kg5 57. Kg3 Bc6 58. Be5 Be4 59. Bc7 Bc6 60. Bd8+ Kh6 61. Kh4 Be4 62. Bg5+ Kh7 63. Kg4 Bb1 64. Kf3 Bf5 65. Bxe3 Bg4+ 66. Kf2 Bxe3+ 67. Kxe3 Bc8 68. Kd4 Kh6 69. Kc5 Bb7 70. Kb6 Ba8 71. a6 Kg7 72. Bb5 1-0

[Event "CZE-ch U14"]
[Site "Kouty nad Desnou"]
[Date "2017.03.12"]
[Round "2"]
[White "Krejcok, Tobias"]
[Black "Sprenar, Petr"]
[Result "0-1"]
[WhiteElo "1702"]
[BlackElo "1900"]
[PlyCount "54"]
[EventDate "2017.03.11"]
[EventType "swiss"]
[EventRounds "9"]
[EventCountry "CZE"]
[SourceTitle "CBM 177 Extra"]
[Source "ChessBase"]
[SourceDate "2017.04.27"]
[SourceVersion "1"]
[SourceVersionDate "2017.04.27"]
[SourceQuality "1"]

1. e4 c5 2. Nf3 d6 3. d4 cxd4 4. Nxd4 Nf6 5. Nc3 a6 6. Be2 e5 7. Nb3 Be7 8. 0-0 0-0 9. Be3 Be6 10. f3 b5 11. a4 b4 12. Nd5 Bxd5 13. exd5 Nbd7 14. a5 Qc7 15. Qd2 Rfc8 16. Rac1 Nc5 17. Bxc5 dxc5 18. Bc4 Rd8 19. Rcd1 Rd7 20. f4 Rad8 21. fxe5 Qxe5 22. Qf2 Bd6 23. g3 Ng4 24. Qf3 Qh5 25. Rf2 Qg5 26. Re2 Ne5 27. Qe4 f5 0-1

[Event "CZE-chT U18 Extraliga Ost 1617"]
[Site "Czech Republic"]
[Date "2016.10.02"]
[Round "3.5"]
[White "Horak, Jan"]
[Black "Krejcok, Tobias"]
[Result "1-0"]
[WhiteElo "1660"]
[BlackElo "1705"]
[PlyCount "135"]
[EventDate "2016.10.01"]
[EventType "team-tourn"]
[EventRounds "11"]
[EventCountry "CZE"]
[SourceTitle "EXT 2022"]
[Source "ChessBase"]
[SourceDate "2021.10.06"]
[SourceVersion "1"]
[SourceVersionDate "2021.10.06"]
[SourceQuality "1"]
[WhiteTeam "Policka Stefanydes U18"]
[BlackTeam "Frydek Mistek U18"]
[WhiteTeamCountry "CZE"]
[BlackTeamCountry "CZE"]

1. d4 Nf6 2. c4 d6 3. Nc3 g6 4. e4 Bg7 5. Nf3 0-0 6. h3 c6 7. Be3 e6 8. Bd3 d5 9. 0-0 dxe4 10. Nxe4 Nxe4 11. Bxe4 Nd7 12. Rc1 f5 13. Bb1 f4 14. Bd2 Qe7 15. Bc3 Nf6 16. b3 Rd8 17. Qc2 Nd7 18. Rfe1 Qd6 19. Rcd1 b6 20. Ng5 Nf8 21. Nf3 Bb7 22. b4 Qe7 23. c5 Rd5 24. a3 Rad8 25. Ba2 Rh5 26. Qe4 Re8 27. Qxf4 Rf5 28. Qe4 Qf7 29. Bd2 h6 30. Bc4 b5 31. Bb3 Kh8 32. Re2 Re7 33. Rde1 Qe8 34. Bf4 Rf6 35. Be5 Rff7 36. Bd6 Rd7 37. Ne5 Bxe5 38. Qxe5+ Kh7 39. Bxf8 Qxf8 40. Qxe6 Rg7 41. Qg4 Qf6 42. Re4 Bc8 43. Qd1 Bb7 44. Qd2 Rd8 45. R1e3 Rgd7 46. Rd3 Qg7 47. Qe3 Rf8 48. Re8 Rd8 49. Rxf8 Qxf8 50. Qd2 Qg7 51. Qd1 Rd7 52. Qg4 Re7 53. Re3 Rd7 54. Re4 a6 55. Qd1 Qf6 56. Qd3 Qg7 57. Qe3 Qf6 58. Rf4 Qg7 59. Qe8 Re7 60. Qxe7 Qxe7 61. Rf7+ Qxf7 62. Bxf7 Kg7 63. Bb3 Kf6 64. f3 g5 65. Kf2 h5 66. g4 h4 67. Ke3 Bc8 68. Ke4 1-0

[Event "EU-ch U12 26th"]
[Site "Prague"]
[Date "2016.08.27"]
[Round "9"]
[White "Krejcok, Tobias"]
[Black "Aalto, Patrik"]
[Result "0-1"]
[WhiteElo "1851"]
[BlackElo "1733"]
[PlyCount "120"]
[EventDate "2016.08.18"]
[EventType "swiss"]
[EventRounds "9"]
[EventCountry "CZE"]
[SourceTitle "CBM 174 Extra"]
[Source "ChessBase"]
[SourceDate "2016.10.10"]
[SourceVersion "1"]
[SourceVersionDate "2016.10.10"]
[SourceQuality "1"]

1. e4 c5 2. Nf3 g6 3. d4 cxd4 4. Nxd4 Bg7 5. Nc3 Nc6 6. Be3 Nf6 7. Bc4 0-0 8. Bb3 Qa5 9. 0-0 d6 10. h3 Bd7 11. f4 Rfc8 12. Qf3 Nxd4 13. Bxd4 Bc6 14. Rad1 Nd7 15. Bxg7 Kxg7 16. Qd3 Qc5+ 17. Kh2 b5 18. Rfe1 b4 19. Nd5 Kf8 20. Rd2 a5 21. Ne3 Bb5 22. Qd4 Qxd4 23. Rxd4 Rc5 24. Red1 Rac8 25. a3 bxa3 26. bxa3 Ke8 27. Rb1 Rb8 28. g4 Bc6 29. Re1 Nf6 30. Nd5 Nxd5 31. exd5 Bb5 32. Rde4 Rb7 33. a4 Ba6 34. f5 Kf8 35. f6 exf6 36. Re8+ Kg7 37. Rd8 Bc4 38. Re3 Bxb3 39. cxb3 Rxd5 40. Ra8 Rd2+ 41. Kg1 Rc7 42. Kf1 Rc1+ 43. Re1 Rc3 44. Re2 Rxe2 45. Kxe2 Rxb3 46. Rxa5 Rxh3 47. Rd5 Ra3 48. a5 Kf8 49. Rxd6 Rxa5 50. Rxf6 Kg7 51. Rb6 h5 52. gxh5 Rxh5 53. Kf3 Rf5+ 54. Kg4 Rc5 55. Rb7 Re5 56. Kf4 Re6 57. Kg5 Re1 58. Rd7 Rf1 59. Re7 Rf5+ 60. Kg4 Rf6 0-1

[Event "EU-ch U12 26th"]
[Site "Prague"]
[Date "2016.08.25"]
[Round "7"]
[White "Krejcok, Tobias"]
[Black "De Cocq, Ramin"]
[Result "1-0"]
[WhiteElo "1851"]
[BlackElo "1588"]
[PlyCount "51"]
[EventDate "2016.08.18"]
[EventType "swiss"]
[EventRounds "9"]
[EventCountry "CZE"]
[SourceTitle "CBM 174 Extra"]
[Source "ChessBase"]
[SourceDate "2016.10.10"]
[SourceVersion "1"]
[SourceVersionDate "2016.10.10"]
[SourceQuality "1"]

1. e4 e6 2. d4 d5 3. Nd2 Nf6 4. Bd3 Be7 5. Ngf3 0-0 6. 0-0 c5 7. c3 Nc6 8. Bc2 cxd4 9. cxd4 dxe4 10. Nxe4 Nxe4 11. Bxe4 Qd7 12. Ne5 Nxe5 13. dxe5 Qb5 14. Re1 Bb4 15. Bd3 Qa5 16. Re4 Rd8 17. Rh4 Be7 18. Rh3 Qxe5 19. Bxh7+ Kf8 20. Bd3 Kg8 21. Bd2 Qd5 22. Bc3 e5 23. Rh8+ Kxh8 24. Qh5+ Kg8 25. Qh7+ Kf8 26. Qh8# 1-0

[Event "EU-ch U12 26th"]
[Site "Prague"]
[Date "2016.08.21"]
[Round "4"]
[White "Sarighioleanu, Sebastian Laurentiu"]
[Black "Krejcok, Tobias"]
[Result "1/2-1/2"]
[WhiteElo "1572"]
[BlackElo "1851"]
[PlyCount "87"]
[EventDate "2016.08.18"]
[EventType "swiss"]
[EventRounds "9"]
[EventCountry "CZE"]
[SourceTitle "CBM 174 Extra"]
[Source "ChessBase"]
[SourceDate "2016.10.10"]
[SourceVersion "1"]
[SourceVersionDate "2016.10.10"]
[SourceQuality "1"]

1. d4 Nf6 2. c4 g6 3. Nc3 Bg7 4. Bg5 d6 5. Nf3 0-0 6. e3 Nbd7 7. Be2 c5 8. 0-0 h6 9. Bh4 b6 10. d5 Ng4 11. Qc2 Nde5 12. Nxe5 Nxe5 13. f4 Ng4 14. Qd2 Nxe3 15. Rf3 Nf5 16. Bf2 Nd4 17. Bxd4 Bxd4+ 18. Kh1 Bg4 19. Rg3 Bxe2 20. Nxe2 Bg7 21. f5 Kh7 22. fxg6+ fxg6 23. Nf4 Rf6 24. Ne6 Qe8 25. Rh3 Kg8 26. Kg1 Qf7 27. Nxg7 Qxg7 28. Qxh6 Qxh6 29. Rxh6 Kg7 30. Rh3 Raf8 31. Re1 R8f7 32. Rf3 Rxf3 33. gxf3 Kf8 34. Kg2 Rf4 35. b3 Rd4 36. Re2 a5 37. Kg3 a4 38. Re4 Rd2 39. bxa4 Rxa2 40. h4 Rxa4 41. Kf4 Ra3 42. Kg4 Rb3 43. Kg5 Kf7 44. Rf4+ 1/2-1/2

[Event "Vsetin op 41st"]
[Site "Vsetin"]
[Date "2016.07.06"]
[Round "6"]
[White "Pycha, Patrik"]
[Black "Krejcok, Tobias"]
[Result "1/2-1/2"]
[WhiteElo "2055"]
[BlackElo "1885"]
[PlyCount "55"]
[EventDate "2016.07.02"]
[EventType "swiss"]
[EventRounds "9"]
[EventCountry "CZE"]
[SourceTitle "CBM 173 Extra"]
[Source "ChessBase"]
[SourceDate "2016.08.29"]
[SourceVersion "1"]
[SourceVersionDate "2016.08.29"]
[SourceQuality "1"]

1. e4 c5 2. Nc3 Nc6 3. f4 e6 4. Nf3 Be7 5. Bb5 a6 6. Bxc6 bxc6 7. 0-0 Nf6 8. d3 0-0 9. Ng5 h6 10. Nh3 d5 11. e5 Nh7 12. Ne2 a5 13. Ng3 Qc7 14. Nf2 Ba6 15. Ng4 f5 16. exf6 Bxf6 17. f5 e5 18. Nh5 Kh8 19. Re1 Rae8 20. Bd2 Qd7 21. Nhxf6 Nxf6 22. Nxe5 Qxf5 23. Nxc6 Ng4 24. Rxe8 Qf2+ 25. Kh1 Rxe8 26. Qxg4 Qxd2 27. Qd1 Qf2 28. Qf1 1/2-1/2

[Event "Vsetin op 41st"]
[Site "Vsetin"]
[Date "2016.07.05"]
[Round "4"]
[White "Krejcok, Tobias"]
[Black "Gabrys, Lukas"]
[Result "0-1"]
[WhiteElo "1885"]
[BlackElo "1906"]
[PlyCount "134"]
[EventDate "2016.07.02"]
[EventType "swiss"]
[EventRounds "9"]
[EventCountry "CZE"]
[SourceTitle "CBM 173 Extra"]
[Source "ChessBase"]
[SourceDate "2016.08.29"]
[SourceVersion "1"]
[SourceVersionDate "2016.08.29"]
[SourceQuality "1"]

1. e4 c5 2. Nf3 Nc6 3. d4 cxd4 4. Nxd4 Nf6 5. Nc3 e5 6. Ndb5 d6 7. Be3 a6 8. Na3 b5 9. Nd5 Rb8 10. f3 Nxd5 11. Qxd5 Qc7 12. Qd2 Be7 13. Be2 0-0 14. 0-0 Be6 15. c4 b4 16. Nc2 b3 17. Na3 Na5 18. Qc3 bxa2 19. b4 Nc6 20. Nc2 a5 21. b5 Nb4 22. Nxb4 axb4 23. Qb2 Rfc8 24. Rxa2 Bxc4 25. Rc1 d5 26. exd5 Bc5 27. Rxc4 Bxe3+ 28. Kh1 Qd6 29. Qb3 Bd4 30. h3 Ra8 31. Rc6 Qb8 32. Bc4 Qb7 33. Qxb4 Rxa2 34. Bxa2 Rxc6 35. dxc6 Qc7 36. Qc4 Bb6 37. Qd5 g6 38. Qd7 Qxd7 39. cxd7 Kf8 40. Kh2 Ke7 41. g4 f6 42. Bg8 h6 43. Bh7 Kf7 44. Kg3 Kg7 45. Bxg6 Kxg6 46. f4 e4 47. f5+ Kf7 48. d8Q Bxd8 49. Kf4 Ke7 50. Kxe4 Ba5 51. h4 Bd2 52. Kd5 Kd7 53. b6 Be1 54. g5 fxg5 55. hxg5 hxg5 56. f6 Bg3 57. f7 Ke7 58. f8Q+ Kxf8 59. Ke6 Kg7 60. Kf5 Kh6 61. Kg4 Bb8 62. Kf3 Kh5 63. Kf2 Kg4 64. Kg2 Bd6 65. b7 Bb8 66. Kh1 Kh3 67. Kg1 g4 0-1

[Event "CZE-chT U18 Extraliga final-A 1516"]
[Site "Czech Republic"]
[Date "2016.04.23"]
[Round "10.6"]
[White "Koucha, Maryam Amina"]
[Black "Krejcok, Tobias"]
[Result "0-1"]
[WhiteElo "1548"]
[BlackElo "1561"]
[PlyCount "90"]
[EventDate "2015.10.03"]
[EventType "team-tourn"]
[EventRounds "11"]
[EventCountry "CZE"]
[SourceTitle "EXT 2022"]
[Source "ChessBase"]
[SourceDate "2021.10.06"]
[SourceVersion "1"]
[SourceVersionDate "2021.10.06"]
[SourceQuality "1"]
[WhiteTeam "Klatovy U18"]
[BlackTeam "Frydek Mistek U18"]
[WhiteTeamCountry "CZE"]
[BlackTeamCountry "CZE"]

1. e4 c5 2. d4 cxd4 3. c3 dxc3 4. Nxc3 Nc6 5. Nf3 g6 6. Bc4 Bg7 7. 0-0 d6 8. Qe2 Bd7 9. Rd1 Nf6 10. Bf4 Nh5 11. Bg5 h6 12. Be3 0-0 13. h3 Rc8 14. Qd2 Kh7 15. Be2 Nf6 16. Nd4 a6 17. f4 Qa5 18. f5 b5 19. fxg6+ fxg6 20. Bf3 Ne5 21. Rf1 Nc4 22. Qe2 Nxb2 23. Qxb2 Qxc3 24. Qe2 Nxe4 25. Rac1 Qb4 26. Rxc8 Rxc8 27. Bxe4 Bxd4 28. Bxg6+ Kg7 29. Bh5 Be6 30. Bg4 Rc3 31. Bxd4+ Qxd4+ 32. Kh1 Re3 33. Qf2 Qf6 34. Qxe3 Qxf1+ 35. Kh2 Bxg4 36. Qd4+ Qf6 37. Qxg4+ Qg5 38. Qd4+ Qe5+ 39. Qxe5+ dxe5 40. Kg3 a5 41. Kf3 b4 42. Ke3 a4 43. Kd3 b3 44. axb3 a3 45. Kc2 e4 0-1

[Event "EU Union-ch U12"]
[Site "Kouty nad Desnou"]
[Date "2015.08.19"]
[Round "1"]
[White "David, Bogdan Emanuel"]
[Black "Krejcok, Tobias"]
[Result "1-0"]
[WhiteElo "1922"]
[BlackElo "1561"]
[PlyCount "75"]
[EventDate "2015.08.19"]
[EventType "swiss"]
[EventRounds "9"]
[EventCountry "CZE"]
[SourceTitle "EXT 2016"]
[Source "ChessBase"]
[SourceDate "2015.10.08"]
[SourceVersion "1"]
[SourceVersionDate "2015.10.08"]
[SourceQuality "1"]

1. e4 c5 2. Nf3 Nc6 3. d4 cxd4 4. Nxd4 g6 5. c4 Bg7 6. Be3 Nf6 7. Nc3 0-0 8. Be2 d6 9. 0-0 Bd7 10. f3 Rc8 11. b3 Qa5 12. Rc1 Ne5 13. Qd2 Kh8 14. Rfd1 a6 15. Nd5 Qxd2 16. Rxd2 Nxd5 17. exd5 b5 18. h3 f5 19. Rdc2 bxc4 20. Bxc4 f4 21. Bf2 Nxc4 22. Rxc4 Rxc4 23. Rxc4 Rc8 24. Ne6 Rxc4 25. bxc4 Bxe6 26. dxe6 Be5 27. Bh4 Kg7 28. Bxe7 h6 29. Kf1 g5 30. Ke2 Kg6 31. Bf8 h5 32. Kd3 Kf6 33. e7 Kf7 34. Ke4 Bf6 35. Kf5 h4 36. e8Q+ Kxe8 37. Kxf6 Kxf8 38. Kxg5 1-0

[Event "CZE-ch U12"]
[Site "Kouty nad Desnou"]
[Date "2015.03.08"]
[Round "2"]
[White "Krejcok, Tobias"]
[Black "Stinka, Jakub"]
[Result "1-0"]
[WhiteElo "1624"]
[BlackElo "1651"]
[PlyCount "133"]
[EventDate "2015.03.07"]
[EventType "swiss"]
[EventRounds "9"]
[EventCountry "CZE"]
[SourceTitle "EXT 2017"]
[Source "ChessBase"]
[SourceDate "2016.10.25"]
[SourceVersion "1"]
[SourceVersionDate "2016.10.25"]
[SourceQuality "1"]

1. e4 c5 2. Nf3 d6 3. d4 cxd4 4. Nxd4 Nf6 5. Nc3 Nc6 6. Bg5 e6 7. Qd2 Be7 8. f3 a6 9. 0-0-0 Qc7 10. h4 b5 11. Nxc6 Qxc6 12. Ne2 Bb7 13. Nd4 Qc7 14. Kb1 h6 15. Be3 d5 16. exd5 Nxd5 17. Bd3 Nxe3 18. Qxe3 0-0 19. Qd2 Rfd8 20. Ne2 a5 21. Qc3 Qb6 22. Qb3 b4 23. a4 Rac8 24. Nc3 Bf6 25. Ne4 Bd5 26. c4 Bxe4 27. Bxe4 Rd4 28. Rxd4 Qxd4 29. Rc1 Bxh4 30. Qd3 Bf6 31. Qxd4 Bxd4 32. Rd1 Bf6 33. b3 Kf8 34. Rd7 Ke8 35. Ra7 Bd8 36. Kc2 f5 37. Bd3 Rc7 38. Rxa5 Rxc4+ 39. Bxc4 Bxa5 40. Bxe6 g6 41. Kd3 Ke7 42. Bd5 Kd6 43. Kc4 g5 44. g4 fxg4 45. fxg4 Bb6 46. Bf7 Ke7 47. Bh5 Kd6 48. Kxb4 Kc7 49. Kb5 Kb7 50. b4 Bd4 51. Kc4 Bg7 52. Kc5 Bf8+ 53. Kb5 Be7 54. a5 Bd8 55. Bg6 Be7 56. Be4+ Ka7 57. Ka4 Bd6 58. b5 Bc5 59. Kb3 Be7 60. Kc4 Bd8 61. Kb4 Be7+ 62. Ka4 Bc5 63. b6+ Ka6 64. Bd3+ Kb7 65. Kb5 Bd6 66. a6+ Kb8 67. a7+ 1-0

[Event "Ostrava Konik op"]
[Site "Ostrava"]
[Date "2014.05.04"]
[Round "9"]
[White "Krejcok, Tobias"]
[Black "Laurincova, Kristyna"]
[Result "0-1"]
[WhiteElo "1314"]
[BlackElo "1584"]
[PlyCount "70"]
[EventDate "2014.04.26"]
[EventType "swiss"]
[EventRounds "9"]
[EventCountry "CZE"]
[SourceTitle "CBM 160 Extra"]
[Source "ChessBase"]
[SourceDate "2014.07.01"]
[SourceVersion "1"]
[SourceVersionDate "2014.07.01"]
[SourceQuality "1"]

1. e4 c5 2. Nf3 d6 3. d4 cxd4 4. Nxd4 Nf6 5. Nc3 g6 6. Be3 Bg7 7. Bd3 0-0 8. 0-0 Nbd7 9. f4 Nc5 10. f5 a6 11. Rf3 Qc7 12. Rg3 b5 13. a3 Bb7 14. fxg6 fxg6 15. b4 e5 16. Ndxb5 axb5 17. Nxb5 Qc6 18. Bc4+ Kh8 19. Qxd6 Ncxe4 20. Qxc6 Bxc6 21. Rh3 Bxb5 22. Bxb5 Nc3 23. Bc4 Nfe4 24. Bd3 Rad8 25. Rh4 Nd6 26. Bxg6 e4 27. Bxh7 Ne2+ 28. Kh1 Bxa1 29. Bxe4+ Kg7 30. Bh6+ Kg8 31. Rg4+ Kh8 32. Bxf8 Nxe4 33. g3 Nf2+ 34. Kg2 Nxg4 35. Kf3 Rxf8+ 0-1

[Event "Ostrava Konik op"]
[Site "Ostrava"]
[Date "2014.05.01"]
[Round "6"]
[White "Bohanesova, Vendula"]
[Black "Krejcok, Tobias"]
[Result "1-0"]
[WhiteElo "1652"]
[BlackElo "1314"]
[PlyCount "117"]
[EventDate "2014.04.26"]
[EventType "swiss"]
[EventRounds "9"]
[EventCountry "CZE"]
[SourceTitle "CBM 160 Extra"]
[Source "ChessBase"]
[SourceDate "2014.07.01"]
[SourceVersion "1"]
[SourceVersionDate "2014.07.01"]
[SourceQuality "1"]

1. d4 Nf6 2. Bf4 e6 3. e3 d5 4. Bd3 Bd6 5. Nf3 Nbd7 6. Ne5 0-0 7. 0-0 Qe7 8. Nd2 c5 9. c3 c4 10. Bc2 Bxe5 11. dxe5 Ne8 12. Nf3 f6 13. Qd4 Nc7 14. exf6 Nxf6 15. Qe5 Nce8 16. Rad1 Nd7 17. Qh5 g6 18. Qh3 Ndf6 19. Be5 Nd7 20. Qg3 Qf7 21. Rd4 Ng7 22. Rh4 Nf5 23. Bxf5 Qxf5 24. Bd6 Rf7 25. Nd4 Qf6 26. Rf4 Qh8 27. Nxe6 Rxf4 28. Qxf4 a5 29. Nc7 Ra7 30. Nxd5 Kg7 31. Qd4+ Kg8 32. Ne7+ Kf7 33. Qxh8 Nf6 34. Qxc8 Kg7 35. Qxc4 Ra6 36. Be5 Kf8 37. Qxa6 bxa6 38. Bxf6 Kf7 39. Bh4 h6 40. Nc6 g5 41. Bg3 Ke6 42. Rd1 Kf7 43. Rd6 h5 44. Ne5+ Ke7 45. Rxa6 h4 46. Bxh4 gxh4 47. c4 a4 48. c5 a3 49. bxa3 Kd8 50. Ra7 Kc8 51. f4 h3 52. gxh3 Kb8 53. Rh7 Ka8 54. f5 Kb8 55. f6 Kc8 56. f7 Kb7 57. f8Q+ Ka6 58. Qb8 Ka5 59. Ra7# 1-0